Top 10 US Metro Areas Where Interracial Marriage is Least Common - Statistics

General Stats
  • This quiz has been taken 39 times
  • The average score is 3 of 10
Answer Stats
% Metro Area % Correct
6 Birmingham-Hoover, AL
81%
3 Jackson, MS
81%
8 Baton Rouge
53%
5 Chattanooga
28%
9 Lafayette, LA
22%
9 Greensboro-High Point, NC
13%
6 Greenville-Anderson-Mauldin, SC
13%
4 Youngstown-Warren-Boardman, OH-PA
13%
3 Asheville, NC
9%
9 Scranton-Wilkes Barre-Hazelton, PA
6%
No matching quizzes found
Score Distribution
Percent of People with Each Score
Percentile by Number Answered
Your Score History
You have not taken this quiz